Entry Personal Name
Number of records used in: 1
001 - CONTROL NUMBER
003 - CONTROL NUMBER IDENTIFIER
005 - DATE AND TIME OF LATEST TRANSACTION
- control field:
20211124103357.0
008 - FIXED-LENGTH DATA ELEMENTS
- fixed length control field:
830616n| azannaabn |a aaa
010 ## - LIBRARY OF CONGRESS CONTROL NUMBER
- LC control number:
n 83148699
035 ## - SYSTEM CONTROL NUMBER
- System control number:
(OCoLC)oca00976688
040 ## - CATALOGING SOURCE
- Original cataloging agency:
DLC
- Language of cataloging:
eng
- Description conventions:
rda
- Transcribing agency:
DLC
- Modifying agency:
OCoLC
- Modifying agency:
DNLM
046 ## - SPECIAL CODED DATES
- Birth date:
1806-12-11
- Death date:
1880-05-27
- Source of date scheme:
edtf
100 1# - HEADING--PERSONAL NAME
- Personal name:
Taylor, Alfred Swaine,
- Dates associated with a name:
1806-1880
400 1# - SEE FROM TRACING--PERSONAL NAME
- Personal name:
Taylor, Alfred S.
- Fuller form of name:
(Alfred Swaine),
- Dates associated with a name:
1806-1880
670 ## - SOURCE DATA FOUND
- Source citation:
His Taylor's Principles and practice of medical jurisprudence, 1984:
- Information found:
CIP t.p. (Taylor) galley (Alfred Swaine Taylor, MD, FRS; b. 1806; d. 1880)
670 ## - SOURCE DATA FOUND
- Source citation:
LC manual cat.
- Information found:
(hdg.: Taylor, Alfred Swaine, 1806-1880; usage: Alfred Swaine Taylor; variant: Alfred S. Taylor)
670 ## - SOURCE DATA FOUND
- Source citation:
Fatal evidence,, 2017:
- Information found:
title page (Professor Alfred Swaine Taylor) page 1 (born on 11 December 1806) page 205 (dies in London, May 27, 1880)